000 02421nam a22003137a 4500
003 OSt
005 20260421111345.0
008 260421b |||||||| |||| 00| 0 eng d
020 _a8428604649
037 _bDonación
040 _aCO-JMCR
_bspa
_cCO-JMCR
_dCO-JMCR
_erda
041 1 _aspa
_heng
082 0 4 _a001.94
_bB45t
100 1 _aBerlitz, Charles Frambach,
_d1913 - 2003
_eautor
_944614
245 1 2 _aEl Triángulo de las Bermudas /
_cCharles Frambach Berlitz ; traducción José Cayuela
264 _aBarcelona :
_bEditorial Pomaire,
_c1975
300 _a291 páginas :
_bilustraciones, mapas ;
_c20 cm.
500 _aIncluye biografía
504 _aBibliografía : páginas 289 - 291
505 0 _aEl Triángulo de las Bermudas un misterio del aire y el mar -- El Triángulo de los aviones desaparecidos -- El "Mar de los barcos perdidos" -- Los que escaparon -- ¿Existe un explicación lógica? -- Trastornos del tiempo y el espacio. Otros mundos -- Una sugerencia del pasado del Océano -- Sorpresas de la Prehistoria -- Los observadores : ¿Protectores, invasores, o simples curiosos? -- Agradecimiento -- Bibliografía
520 3 _a¿Una puerta hacia otra dimensión u otra galaxia? Desaparece un escuadrón de cinco aviones de la Marina junto con un avión de rescate. Aparece en alta mar un barco abandonado sin que haya huella alguna de su tripulación ni de sus pasajeros. Un barco sumergido emerge desde su tumba en el fondo del mar. Estas desapariciones -y apariciones- inexplicables no están tomadas de algún relato de ciencia ficción, sino que son hechos comprobados, en relación con uno de los grandes enigmas de nuestro tiempo : el Triángulo de las Bermudas, un lugar del Atlántico frente a la costa sudeste de los Estados Unidos, en la que un centenar de aviones y más de un millar de personas se han literalmente devanecido en el aire. Lea en este relato uno de los más fascinantes misterios de nuestro planeta y una teoría sobre las fuerzas extraterrestres que quizás puedan muy bien explicarlo.
534 _pTítulo original :
_tThe Bermuda Triangle
546 _aTraducido del ingles
650 7 _aTriángulo de las Bermudas
_xNaufragios
_2JMCR
_944615
650 7 _aTriángulo de las Bermudas
_xMisterio
_2JMCR
_944616
650 7 _aTriángulo de las Bermudas
_xTiempo y espacio
_2JMCR
_944617
700 1 _aCayuela, Jose,
_etraductor
_91167
942 _2ddc
_cBK
999 _c31175
_d17559